Statistics for Lord of the rings chapters (book 3)

Click here to take the quiz!

General Stats

  • This quiz has been taken 8 times
  • The average score is 7 of 11

Answer Stats

Answer% Correct
The king of the golden hall
100%
The white rider
100%
Treebeard
100%
Helm’s deep
75%
The departure of Boromir
75%
The palantir
75%
The riders of Rohan
50%
The road to Isengard
50%
The Uruk-hai
50%
Flotsam and jetsam
25%
The voice of Saruman
25%

Score Distribution

Percentile by Number Answered

Percent of People with Each Score

Your Score History

You have not taken this quiz